Theory of plates and shells /
Saved in:
| Main Authors: | , |
|---|---|
| Format: | Book |
| Language: | English |
| Published: |
New York :
McGraw-Hill,
1959
|
| Edition: | 2nd. ed. |
| Subjects: | |
| Online Access: |
|
| Tags: |
Add Tag
No Tags, Be the first to tag this record!
|
MARC
| LEADER | 00000cam a2200000 4500 | ||
|---|---|---|---|
| 003 | SK-BrCVT | ||
| 005 | 20220617215031.0 | ||
| 008 | 060808s1959 xxu e ||||||eng d | ||
| 035 | |a CVTIDW1374464 | ||
| 040 | |b slo |a CVTI SR |e AACR2 | ||
| 041 | 0 | |a eng | |
| 044 | |a xxu | ||
| 080 | |a 624.073.43 |2 UDC-MRF | ||
| 080 | |a 624.073 |2 UDC-MRF | ||
| 100 | 1 | |a Timoshenko, S. |4 aut | |
| 245 | 1 | 0 | |a Theory of plates and shells / |c S. Timoshenko, S. Woinowsky-Krieger |
| 250 | |a 2nd. ed. | ||
| 260 | |a New York : |b McGraw-Hill, |c 1959 | ||
| 300 | |a 14, 580 s. | ||
| 653 | 1 | |a doska |a škrupina | |
| 700 | 1 | |a Woinowsky-Krieger, S. |4 aut | |
| 910 | |b A126111 | ||
| 974 | |f Knihy | ||
| 992 | |a AMG | ||
| 999 | |c 141421 |d 141421 | ||